000 00700nam a22002537a 4500
999 _c4778
_d4778
001 4778
003 BD-JhCC
005 20190418134017.0
008 171203b xxu||||| |||| 00| 0 eng d
020 _a0865317194
020 _a0865317186
035 _a(BD-JhCC) 4778
040 _aBD-JhCC
_dBD-JhCC
041 _aeng
082 _a355.033573
_bSPI 1985
100 _aSpinney,Franklin C.
245 _aDefense facts of life /
_cFranklin C.Spinney
260 _aLondon :
_bWestview press ,
_c1985
300 _a260 p .:
_c23 cm .
650 _aMilitary policy
_zUnited State
651 _aUnited States
_vAppropriations and expenditures
_xArmed Forces
942 _2ddc
_cBK
_01